01172nam a2200325 i 450000500170000000700030001700800410002002000180006104000350007904100080011408400110012210000340013324500720016726400410023930000400028033600270032033700330034733800280038049000150040852100530042354500610047665000500053765000500058765000400063765000350067765000290071265000430074165000280078470000340081220220317002029.0ta201110s2020 ck a c 00| jdspa d a9789585586130 aCO-BoRNBPbspaerdacCO-BoRNBP0 aspa aC ISA41 aIsaza, Juliánd1979-eautor10aCámara oscuracpor Julián Isaza ; ilustraciones Natalia Herrera 1aBogotábRey Naranjo Editoresc2020 a129 páginasbilustracionesc22 cm 2rdacontentatextobtxt 2rdamediaasin mediaciónbn 2rdacarrieravolumenbnc0 aLetras mil aRecomendado para un público mayor de 12 años aIncluye datos biográficos del autor al final del texto172LEMBaCuentos juveniles colombianosySiglo XX172LEMBaLiteratura juvenil colombianaySiglo XX172LEMBaAutores colombianosySiglo XX172LEMBaSuperstición vCuentos172LEMBaFantasmasvCuentos172LEMBaViajes interplanetariosvCuentos172LEMBaAmistad vCuentos1 aHerrera, Nataliaeilustradora